000 00316nam a2200133Ia 4500
008 150301s2015 xx 000 0 und d
082 _a615.1
_bP12G
100 _aAMIT K. GOYAL
245 _aTB OF PHARMACEUTICAL DISPENSING
260 _bCBS- DELHI
300 _a292
650 _aPHARMACEUTICS
942 _2ddc
_cBK
_05
999 _c7154
_d7154